Fundamentals of corporate finance
This book was designed and đeveloped explicity for a first course in business or corporate finance, forr both finance major and non - majors alike. In terms of background or prerequisites, the book is nearly self - contained, assuming some familiarity with basic algebra and accounting concepts, whi...
Đã lưu trong:
| 主要作者: | |
|---|---|
| 格式: | 圖書 |
| 語言: | Undetermined |
| 出版: |
Boston
McGraw - Hill, Irwin
2006
|
| 主題: | |
| 標簽: |
添加標簽
沒有標簽, 成為第一個標記此記錄!
|
| Thư viện lưu trữ: | Trung tâm Học liệu Trường Đại học Cần Thơ |
|---|
| LEADER | 01056nam a2200205Ia 4500 | ||
|---|---|---|---|
| 001 | CTU_214872 | ||
| 008 | 210402s9999 xx 000 0 und d | ||
| 082 | |a 658.151 | ||
| 082 | |b S827 | ||
| 100 | |a Ross, Stephen A. | ||
| 245 | 0 | |a Fundamentals of corporate finance | |
| 245 | 0 | |c Stephen A. Ross, Randolph W. Westerfield, Bradford D. Jordan | |
| 260 | |a Boston | ||
| 260 | |b McGraw - Hill, Irwin | ||
| 260 | |c 2006 | ||
| 520 | |a This book was designed and đeveloped explicity for a first course in business or corporate finance, forr both finance major and non - majors alike. In terms of background or prerequisites, the book is nearly self - contained, assuming some familiarity with basic algebra and accounting concepts, while still reviewing important accounting principle very early on. The organization of this text has been developed to give instructors the flexibility they need. | ||
| 650 | |a Hợp tác | ||
| 650 | |x Finance,Finance,Tài chính | ||
| 904 | |i Hồng Thơ | ||
| 980 | |a Trung tâm Học liệu Trường Đại học Cần Thơ | ||